Central Library OPAC University of Rajshahi

শিল্পচেতনা / (Record no. 71348)

MARC details
000 -LEADER
fixed length control field 00847nam a2200265 a 4500
001 - CONTROL NUMBER
control field 71348
003 - CONTROL NUMBER IDENTIFIER
rucl marc code BD-RjUL
005 - DATE AND TIME OF LATEST TRANSACTION
control field 20211209082113.0
008 - FIXED-LENGTH DATA ELEMENTS--GENERAL INFORMATION
fixed length control field 170502s2000 ii ao||| |||| 00| 0 ben d
020 ## - INTERNATIONAL STANDARD BOOK NUMBER
Terms of availability Tk. 150.00
035 ## - SYSTEM CONTROL NUMBER
System control number (BD-RjUL)71564
040 ## - CATALOGING SOURCE
Original cataloging agency BD-RjUL
Language of cataloging ben
Transcribing agency BD-RjUL
041 ## - LANGUAGE CODE
Language code of text/sound track or separate title ben
082 ## - DEWEY DECIMAL CLASSIFICATION NUMBER
Edition number 23
Classification number 701.17
Author mark and year NAS 2000
100 ## - MAIN ENTRY--PERSONAL NAME
Personal name নাগ, নির্মাল্য
9 (RLIN) 211154
245 ## - TITLE STATEMENT
Title শিল্পচেতনা /
Statement of responsibility, etc. নির্মাল্য নাগ
250 ## - EDITION STATEMENT
Edition statement ২য় সং.
260 ## - PUBLICATION, DISTRIBUTION, ETC. (IMPRINT)
Place of publication, distribution, etc. কলিকাতা :
Name of publisher, distributor, etc. দীপায়ন,
Date of publication, distribution, etc. ২০০০
300 ## - PHYSICAL DESCRIPTION
Pagination ১৮৪ পৃ. :
Illustrations চিত্র ;
Size ১৯ সেমি.
650 ## - SUBJECT ADDED ENTRY--TOPICAL TERM
Topical term or geographic name as entry element নন্দনতত্ব
9 (RLIN) 124123
Topical term or geographic name as entry element শিল্প
9 (RLIN) 211155
Topical term or geographic name as entry element Art
9 (RLIN) 211156
Topical term or geographic name as entry element Aesthetics
9 (RLIN) 124124
942 ## - ADDED ENTRY ELEMENTS (KOHA)
Source of classification or shelving scheme Dewey Decimal Classification
Koha item type Books
Holdings
Lost status Source of classification or shelving scheme Damaged status Not for loan Collection code Permanent Location Current Location Shelving location Date acquired Source of acquisition Cost, normal purchase price Total Checkouts Full call number Date last seen Copy number Koha item type
  Dewey Decimal Classification   Not For Loan Non-fiction Central Library, University of Rajshahi Central Library, University of Rajshahi Reading Room 28/04/2013 Dhaka space marketing communication 300.00   B 701.17 NAS 2000 02/05/2017 C-1 Books